|
|
|
|
| LEADER |
01884nam a2200469 a 4500 |
| 001 |
EBC3020701 |
| 003 |
MiAaPQ |
| 005 |
20200520144314.0 |
| 006 |
m o d | |
| 007 |
cr cn||||||||| |
| 008 |
100629s2010 nyua sb 001 0 eng d |
| 010 |
|
|
|z 2010025961
|
| 020 |
|
|
|z 9781616687694 (softcover)
|
| 020 |
|
|
|z 161668769X (softcover)
|
| 020 |
|
|
|a 9781617284465 (electronic bk.)
|
| 035 |
|
|
|a (MiAaPQ)EBC3020701
|
| 035 |
|
|
|a (Au-PeEL)EBL3020701
|
| 035 |
|
|
|a (CaPaEBR)ebr10680839
|
| 035 |
|
|
|a (OCoLC)923664139
|
| 040 |
|
|
|a MiAaPQ
|c MiAaPQ
|d MiAaPQ
|
| 043 |
|
|
|a a-cc---
|
| 050 |
|
4 |
|a HC427.95
|b .X536 2010
|
| 082 |
0 |
4 |
|a 330.951
|2 22
|
| 100 |
1 |
|
|a Xiaoxi, Li.
|
| 245 |
1 |
0 |
|a Emerging markets
|h [electronic resource] :
|b reform and development in China /
|c Li Xiaoxi, Lin Yongsheng and Liu Yimeng.
|
| 260 |
|
|
|a New York :
|b Novinka/Nova Science Publishers,
|c c2010.
|
| 300 |
|
|
|a ix, 49 p. :
|b ill.
|
| 490 |
1 |
|
|a China in transition
|
| 504 |
|
|
|a Includes bibliographical references and index.
|
| 505 |
0 |
|
|a Positioning : an emerging market -- Experience : rising from the planned economy -- Performance : tackling the global financial crisis -- Trend : new roles in international economy.
|
| 533 |
|
|
|a Electronic reproduction. Ann Arbor, MI : ProQuest, 2015. Available via World Wide Web. Access may be limited to ProQuest affiliated libraries.
|
| 650 |
|
0 |
|a Capitalism
|z China.
|
| 650 |
|
0 |
|a International economic relations.
|
| 651 |
|
0 |
|a China
|x Economic policy
|y 2000-
|
| 651 |
|
0 |
|a China
|x Economic conditions
|y 2000-
|
| 651 |
|
0 |
|a China
|x Foreign economic relations.
|
| 655 |
|
4 |
|a Electronic books.
|
| 700 |
1 |
|
|a Yongsheng, Lin.
|
| 700 |
1 |
|
|a Yimeng, Liu.
|
| 710 |
2 |
|
|a ProQuest (Firm)
|
| 830 |
|
0 |
|a China in transition (Nova Science Publishers)
|
| 856 |
4 |
0 |
|u https://ebookcentral.proquest.com/lib/matrademy/detail.action?docID=3020701
|z Click to View
|